[Event "zonal 5"]
[Site "Nea Makri GRE"]
[Date "1990.??.??"]
[Round "?"]
[White "Ipek, Ali"]
[Black "Damljanovic, Branko"]
[Result "1/2-1/2"]
[WhiteElo "2275"]
[BlackElo "2535"]
[EventDate "1990.??.??"]
[PlyCount "138"]

1.d4 Nf6 2.Nf3 g6 3.Bg5 Bg7 4.Nbd2 O-O 5.e4 d5 6.Bd3 c5 7.e5 Ne8 8.c3 Nc6 
9.O-O Qb6 10.Qb3 c4 11.Qxb6 axb6 12.Bc2 b5 13.a3 Nc7 14.Rfe1 Ne6 15.Bh4 f6
16.exf6 exf6 17.Bg3 Rd8 18.Nf1 Kf7 19.Rad1 b6 20.h3 Ra7 21.Re2 Bh6 22.Rde1
Nf4 23.Bxf4 Bxf4 24.g3 Bb8 25.Kg2 Re7 26.N3h2 Rxe2 27.Rxe2 h5 28.h4 g5 29.
Nf3 Rg8 30.Re1 Be6 31.Ne3 Ne7 32.Rh1 g4 33.Ng1 f5 34.Ne2 Kf6 35.f4 gxf3+ 
36.Kxf3 Ng6 37.Ng2 f4 38.Ngxf4 Bg4+ 39.Kf2 Ne7 40.Rf1 Rd8 41.Kg2 Kg7 42.
Ng1 Ng8 43.Ngh3 Nf6 44.Re1 Rd7 45.Ng5 Bd6 46.Nfe6+ Kg8 47.Rf1 Be7 48.Bg6 
Ra7 49.Bf7+ Kh8 50.Nf4 Rd7 51.Re1 Kg7 52.Be6 Bxe6 53.Rxe6 Bd6 54.Kf3 Rd8 
55.Re2 Ra8 56.Ngh3 Ra7 57.Nf2 Rd7 58.g4 Bxf4 59.Kxf4 Rf7 60.gxh5 Ne4+ 61.
Ke3 Ng3 62.Rc2 Nf1+ 63.Ke2 Ng3+ 64.Ke3 Kh6 65.Ng4+ Kxh5 66.Ne5 Nf1+ 67.Ke2
Ng3+ 68.Ke3 Nf1+ 69.Ke2 Ng3+ 1/2-1/2

[Event "zonal 5"]
[Site "Nea Makri GRE"]
[Date "1990.??.??"]
[Round "?"]
[White "Ipek, Ali"]
[Black "Grivas, Efstratios"]
[Result "1-0"]
[WhiteElo "2275"]
[BlackElo "2445"]
[EventDate "1990.??.??"]
[PlyCount "113"]

1.d4 c5 2.d5 e5 3.e4 d6 4.Nc3 a6 5.a4 Be7 6.Nf3 Bg4 7.Be2 Bxf3 8.Bxf3 Bg5 
9.a5 Bxc1 10.Qxc1 Nd7 11.Nd1 Ne7 12.Ne3 O-O 13.O-O Qc7 14.Ra3 g6 15.Nc4 
Kg7 16.Bg4 Nf6 17.f3 Neg8 18.Bh3 Nh5 19.g3 Rae8 20.Rb3 Re7 21.Rb6 Rd8 22.
Qe3 Ngf6 23.Qc3 Kg8 24.Rb1 Ng7 25.b4 Nge8 26.b5 axb5 27.R1xb5 Ra8 28.Qb2 
Ra7 29.Rb3 Qd8 30.Rxb7 Rexb7 31.Rxb7 Rxa5 32.Rb8 Qc7 33.Rb7 Qd8 34.Rb8 Qc7
35.Nxa5 Qxa5 36.Qb5 Qe1+ 37.Bf1 Kg7 38.Qe2 Qa1 39.Kg2 g5 40.Rb7 h5 41.Qe3 
Nh7 42.Rb6 Qa5 43.Ra6 Qb4 44.Kf2 g4 45.Be2 gxf3 46.Bxf3 h4 47.gxh4 Qc4 48.
Qe2 Qc3 49.Rb6 Qa3 50.Kg2 Qc1 51.Qf2 Nhf6 52.Rb7 Kf8 53.Bh5 Qh6 54.Rxf7+ 
Kg8 55.Qg3+ Ng7 56.Bg6 Nxe4 57.Rxg7+ 1-0

[Event "zonal 5"]
[Site "Nea Makri GRE"]
[Date "1990.??.??"]
[Round "?"]
[White "Ipek, Ali"]
[Black "Ivanovic, Bozidar"]
[Result "1/2-1/2"]
[WhiteElo "2275"]
[BlackElo "2520"]
[EventDate "1990.??.??"]
[PlyCount "31"]

1.d4 d5 2.Nf3 c5 3.e3 Nf6 4.Bd3 Nc6 5.Nbd2 cxd4 6.exd4 g6 7.O-O Bg7 8.c3 
O-O 9.Re1 Nh5 10.Bf1 Kh8 11.Ne5 f6 12.Nxc6 bxc6 13.Nb3 Qd6 14.g3 e5 15.Be2
Be6 16.Bxh5 1/2-1/2

[Event "zonal 5"]
[Site "Nea Makri GRE"]
[Date "1990.??.??"]
[Round "?"]
[White "Ipek, Ali"]
[Black "Martidis, Alkis"]
[Result "1-0"]
[WhiteElo "2275"]
[BlackElo "2300"]
[EventDate "1990.??.??"]
[PlyCount "123"]

1.d4 d5 2.Nf3 e6 3.e3 Nf6 4.c4 c5 5.Nc3 a6 6.cxd5 exd5 7.Be2 Nc6 8.O-O 
cxd4 9.exd4 Bd6 10.Bg5 Be6 11.Rc1 h6 12.Bh4 Bf4 13.Rb1 g5 14.Bg3 Qd6 15.
Re1 O-O 16.Ne5 Bxg3 17.hxg3 Nxe5 18.dxe5 Qxe5 19.Bxa6 Qc7 20.Bd3 Rfd8 21.
Rc1 Qb6 22.Na4 Qb4 23.Nc5 Rxa2 24.Qf3 Qxb2 25.Rb1 Qd4 26.Rxe6 fxe6 27.Nxe6
Qxf2+ 28.Qxf2 Rxf2 29.Kxf2 Re8 30.Nc5 Ng4+ 31.Kg1 b6 32.Nd7 Re3 33.Bf5 h5 
34.Bxg4 hxg4 35.Kf2 Rd3 36.Nf6+ Kf7 37.Nxg4 Rd2+ 38.Kf1 Ke6 39.Ne3 Ke5 40.
Rxb6 Ke4 41.Re6+ Kd4 42.Nf5+ Kc4 43.Rc6+ Kb3 44.Rg6 d4 45.Nxd4+ Rxd4 46.
Rxg5 Kc3 47.Re5 Rg4 48.Kf2 Kd4 49.Re8 Rg7 50.Rf8 Ke4 51.Rf4+ Ke5 52.Kf3 
Ra7 53.Rf8 Ke6 54.g4 Ke7 55.Rf5 Ra4 56.Kg3 Ke6 57.Rf2 Ra8 58.g5 Ra4 59.Kh3
Ke7 60.g3 Ra1 61.Kg4 Rh1 62.g6 1-0

[Event "zonal 5"]
[Site "Nea Makri GRE"]
[Date "1990.??.??"]
[Round "?"]
[White "Ipek, Ali"]
[Black "Pandavos, Emanouel"]
[Result "0-1"]
[WhiteElo "2275"]
[BlackElo "2370"]
[EventDate "1990.??.??"]
[PlyCount "148"]

1.d4 Nf6 2.Nf3 e6 3.Bg5 h6 4.Bxf6 Qxf6 5.e4 g6 6.Bd3 Bg7 7.Nbd2 Qe7 8.c3 
d6 9.O-O e5 10.dxe5 dxe5 11.Nc4 O-O 12.Ne3 c6 13.Qb3 Nd7 14.a4 Nc5 15.Qa3 
Re8 16.Bc2 Bf8 17.a5 Qf6 18.b4 Nd7 19.Rfd1 Qf4 20.Ne1 h5 21.g3 Qf6 22.h4 
Bh6 23.Nc4 Nf8 24.Bb3 Bg4 25.Rd6 Re6 26.Rxe6 Nxe6 27.Qa2 Kg7 28.Nd3 Bf3 
29.Ncxe5 Bxe4 30.Re1 Bf5 31.Bc2 Bd2 32.Rd1 Bxc3 33.Nd7 Qe7 34.N3c5 Bg4 35.
Qc4 Bf6 36.Re1 Rd8 37.Nxf6 Qxf6 38.Bb3 Nxc5 39.Qxc5 b6 40.axb6 axb6 41.
Qxb6 Rd3 42.Bc4 Rd4 43.Bf1 Bf3 44.Bg2 Bxg2 45.Kxg2 Qd6 46.Rc1 Qd5+ 47.Kg1 
Rd1+ 48.Rxd1 Qxd1+ 49.Kg2 Qd5+ 50.Kg1 Kf6 51.Qb8 Ke6 52.Qc7 Qd6 53.Qb7 Qd5
54.Qc7 Qc4 55.Qc8+ Ke5 56.Qe8+ Kf5 57.Qe7 Qd5 58.Qe3 f6 59.Qf4+ Ke6 60.Qc7
Qd1+ 61.Kg2 Qd5+ 62.Kg1 Qd6 63.Qc8+ Ke5 64.Qe8+ Kf5 65.Qe2 Qxb4 66.Qf3+ 
Ke5 67.Qxc6 Qe1+ 68.Kg2 Qe4+ 69.Qxe4+ Kxe4 70.f3+ Ke3 71.f4 f5 72.Kh3 Kf3 
73.Kh2 Kf2 74.Kh3 Kg1 0-1

[Event "zonal 5"]
[Site "Nea Makri GRE"]
[Date "1990.??.??"]
[Round "?"]
[White "Ipek, Ali"]
[Black "Popovic, Petar"]
[Result "0-1"]
[WhiteElo "2275"]
[BlackElo "2520"]
[EventDate "1990.??.??"]
[PlyCount "76"]

1.d4 Nf6 2.Nf3 g6 3.Bg5 Bg7 4.c3 O-O 5.Nbd2 d5 6.e3 Nbd7 7.Bd3 Re8 8.O-O 
e5 9.e4 exd4 10.cxd4 dxe4 11.Nxe4 h6 12.Bh4 Rxe4 13.Bxe4 g5 14.Bc2 gxh4 
15.Nxh4 Nf8 16.Re1 Nd5 17.Nf5 Bxf5 18.Bxf5 c6 19.Re4 Qf6 20.Bg4 Qd6 21.Bf3
Ne6 22.Qd2 Rd8 23.Rd1 Ndc7 24.Bh5 Nxd4 25.Qe3 Nce6 26.h3 Qd5 27.Bg4 Nf8 
28.Re8 Rxe8 29.Qxe8 h5 30.Be2 Nxe2+ 31.Qxe2 Qxa2 32.Rd2 Qe6 33.Qd1 a5 34.
b3 h4 35.Rd8 Qe4 36.Ra8 b6 37.Rb8 Bd4 38.Qd2 Qb1+ 0-1

[Event "zonal 5"]
[Site "Nea Makri GRE"]
[Date "1990.??.??"]
[Round "?"]
[White "Ivanovic, Bozidar"]
[Black "Cabrilo, Goran"]
[Result "1/2-1/2"]
[WhiteElo "2520"]
[BlackElo "2480"]
[EventDate "1990.??.??"]
[PlyCount "28"]

1.e4 e5 2.Nf3 Nc6 3.Bb5 a6 4.Ba4 Nf6 5.O-O Be7 6.Re1 b5 7.Bb3 d6 8.c3 O-O 
9.h3 Na5 10.Bc2 c5 11.d4 Qc7 12.Nbd2 Nc6 13.dxc5 dxc5 14.Nf1 Be6 1/2-1/2

[Event "zonal 5"]
[Site "Nea Makri GRE"]
[Date "1990.??.??"]
[Round "?"]
[White "Ivanovic, Bozidar"]
[Black "Camilleri, Henry"]
[Result "1-0"]
[WhiteElo "2520"]
[BlackElo "2220"]
[EventDate "1990.??.??"]
[PlyCount "44"]

1.e4 c5 2.Nf3 d6 3.d4 cxd4 4.Nxd4 Nf6 5.Nc3 Nc6 6.Bc4 e6 7.Be3 Be7 8.Qe2 
O-O 9.O-O-O d5 10.Bb3 Na5 11.e5 Nd7 12.f4 Nb6 13.Kb1 f6 14.Nf3 Bd7 15.h4 
Nac4 16.exf6 Bxf6 17.Bd4 a5 18.Ng5 Bxd4 19.Rxd4 Qf6 20.Rhd1 Rac8 21.Bxc4 
Rxc4 22.Nf3 a4 1-0

[Event "zonal 5"]
[Site "Nea Makri GRE"]
[Date "1990.??.??"]
[Round "?"]
[White "Ivanovic, Bozidar"]
[Black "Damljanovic, Branko"]
[Result "1/2-1/2"]
[WhiteElo "2520"]
[BlackElo "2535"]
[EventDate "1990.??.??"]
[PlyCount "28"]

1.d4 d5 2.c4 e6 3.Nf3 Nf6 4.Bg5 Be7 5.Nc3 O-O 6.e3 h6 7.Bxf6 Bxf6 8.Rc1 c6
9.Bd3 Nd7 10.O-O dxc4 11.Bxc4 e5 12.h3 exd4 13.exd4 Nb6 14.Bb3 Bf5 1/2-1/2

[Event "zonal 5"]
[Site "Nea Makri GRE"]
[Date "1990.??.??"]
[Round "?"]
[White "Ivanovic, Bozidar"]
[Black "Grivas, Efstratios"]
[Result "1/2-1/2"]
[WhiteElo "2520"]
[BlackElo "2445"]
[EventDate "1990.??.??"]
[PlyCount "120"]

1.e4 e5 2.Nf3 Nc6 3.Bb5 a6 4.Ba4 Nf6 5.O-O Nxe4 6.d4 b5 7.Bb3 d5 8.dxe5 
Be6 9.c3 Be7 10.Bf4 Nc5 11.Bc2 Bg4 12.h3 Bh5 13.Nbd2 Ne6 14.Bg3 Bg6 15.Nb3
O-O 16.Nfd4 Ncxd4 17.Nxd4 Nxd4 18.cxd4 c5 19.f4 Bxc2 20.Qxc2 cxd4 21.f5 
Bg5 22.Kh1 Re8 23.Rae1 Rc8 24.Qd3 Be3 25.Bf4 Bxf4 26.Rxf4 Qg5 27.Rg4 Qh6 
28.Kh2 Rc1 29.Re2 Rf1 30.f6 g6 31.Qxd4 Rxf6 32.exf6 Rxe2 33.Qxd5 Qf8 34.h4
Re6 35.Qf3 Qd6+ 36.Qg3 Rxf6 37.h5 Kg7 38.hxg6 hxg6 39.Qxd6 Rxd6 40.a4 Rd5 
41.axb5 axb5 42.Rb4 Kf6 43.Kg3 Ke5 44.Kf3 Kd6 45.Ke3 Re5+ 46.Kf3 g5 47.Kg4
Kc5 48.Rb3 Kd6 49.g3 Ke6 50.Kh5 Rf5 51.Ra3 Kd5 52.Kg4 Rf2 53.Rb3 Kc5 54.
Kxg5 b4 55.g4 Kc4 56.Re3 b3 57.Rc3+ Kb4 58.Rc7 f6+ 59.Kg6 Rxb2 60.Kxf6 Rg2
1/2-1/2

[Event "zonal 5"]
[Site "Nea Makri GRE"]
[Date "1990.??.??"]
[Round "?"]
[White "Ivanovic, Bozidar"]
[Black "Mastrokoukos, Georgios"]
[Result "1-0"]
[WhiteElo "2520"]
[BlackElo "2280"]
[EventDate "1990.??.??"]
[PlyCount "57"]

1.e4 e5 2.Nf3 Nc6 3.Bb5 f5 4.Nc3 fxe4 5.Nxe4 Nf6 6.d3 d6 7.c3 Be7 8.Qb3 
Nxe4 9.dxe4 Bf6 10.a4 Bd7 11.a5 a6 12.Bc4 Rb8 13.O-O Kf8 14.Ne1 g6 15.Nd3 
Kg7 16.f4 exf4 17.Bxf4 Qe7 18.Bg5 Rhf8 19.Rxf6 Rxf6 20.h4 Rbf8 21.Qxb7 
Qxe4 22.b3 R6f7 23.Re1 Qf5 24.Qxc7 h6 25.Be3 Nxa5 26.Bd4+ Kh7 27.Bxf7 Rxf7
28.Qd8 g5 29.h5 1-0

[Event "zonal 5"]
[Site "Nea Makri GRE"]
[Date "1990.??.??"]
[Round "?"]
[White "Ivanovic, Bozidar"]
[Black "Oney, Feridun"]
[Result "1-0"]
[WhiteElo "2520"]
[BlackElo "2320"]
[EventDate "1990.??.??"]
[PlyCount "113"]

1.e4 Nf6 2.e5 Nd5 3.Nc3 e6 4.Ne4 d6 5.d4 dxe5 6.dxe5 Nb4 7.Qxd8+ Kxd8 8.
Bg5+ Be7 9.O-O-O+ Ke8 10.c3 Bxg5+ 11.Nxg5 N4c6 12.f4 h6 13.Ne4 Ke7 14.Nf3 
Rd8 15.Bd3 b6 16.Ng3 g6 17.h4 h5 18.Be4 Rxd1+ 19.Rxd1 Bb7 20.Ng5 a6 21.Nf1
Ra7 22.Ne3 Nd8 23.g4 Bxe4 24.Nxe4 hxg4 25.Nxg4 Nd7 26.Ngf6 Nxf6 27.Nxf6 c6
28.h5 gxh5 29.Rg1 Nb7 30.Rg8 Nd6 31.Kd1 a5 32.Ke2 a4 33.Rb8 b5 34.a3 c5 
35.Kf3 b4 36.axb4 cxb4 37.c4 Ra5 38.exd6+ Kxd6 39.Ne4+ Kc6 40.Rxb4 a3 41.
bxa3 Rxa3+ 42.Kf2 Ra2+ 43.Ke3 Ra3+ 44.Ke2 f5 45.Nd2 h4 46.Rb3 Ra5 47.Rh3 
e5 48.Rxh4 exf4 49.Rxf4 Re5+ 50.Kd3 Kc5 51.Nf3 Re8 52.Rxf5+ Kc6 53.Nd4+ 
Kd6 54.c5+ Kc7 55.Rf7+ Kc8 56.Nb5 Re6 57.c6 1-0

[Event "zonal 5"]
[Site "Nea Makri GRE"]
[Date "1990.??.??"]
[Round "?"]
[White "Ivanovic, Bozidar"]
[Black "Pandavos, Emanouel"]
[Result "0-1"]
[WhiteElo "2520"]
[BlackElo "2370"]
[EventDate "1990.??.??"]
[PlyCount "136"]

1.e4 e5 2.Nf3 Nc6 3.Bc4 Nf6 4.d3 Bc5 5.Nc3 h6 6.O-O a6 7.Be3 d6 8.Bxc5 
dxc5 9.Bd5 Nb4 10.Nxe5 Nfxd5 11.exd5 O-O 12.Re1 Nxd5 13.d4 Nxc3 14.bxc3 
Qd5 15.Re3 Be6 16.g4 Rad8 17.c4 Qxd4 18.Rd3 Qxe5 19.Rxd8 Rxd8 20.Qxd8+ Kh7
21.Qd3+ g6 22.Rb1 b6 23.Qg3 Qe2 24.Qxc7 Qxg4+ 25.Qg3 Qxc4 26.Rxb6 Qxc2 27.
h3 Bd5 28.Kh2 Qxa2 29.Rd6 Be6 30.Qe3 a5 31.Qxc5 a4 32.Rd3 Qb2 33.Qe3 Bb3 
34.Rc3 Be6 35.h4 h5 36.Rd3 Qf6 37.Qg3 Bc4 38.Rd6 Qf5 39.Rd4 Bb3 40.Rb4 Qc5
41.Rb8 Bd5 42.Rd8 a3 43.Rxd5 Qxd5 44.Qxa3 Qe5+ 45.Kg2 Qe4+ 46.Kg1 Qxh4 47.
Qe3 Qg4+ 48.Kh2 h4 49.Qb3 Kg7 50.Qc3+ Kg8 51.Qe3 Qf5 52.Qe8+ Kg7 53.Qe3 g5
54.Kg2 Qg4+ 55.Kh2 Kg6 56.Qd3+ Qf5 57.Qd6+ Qf6 58.Qd3+ Qf5 59.Qd6+ Kh5 60.
Qd1+ Kh6 61.Qd6+ Kh5 62.Qd1+ Qg4 63.Qd8 Qf3 64.Kg1 h3 65.Qh8+ Kg4 66.Qc8+ 
f5 67.Qc4+ Kh5 68.Qf7+ Kh4 0-1

[Event "zonal 5"]
[Site "Nea Makri GRE"]
[Date "1990.??.??"]
[Round "?"]
[White "Ivanovic, Bozidar"]
[Black "Popovic, Petar"]
[Result "1/2-1/2"]
[WhiteElo "2520"]
[BlackElo "2520"]
[EventDate "1990.??.??"]
[PlyCount "24"]

1.d4 Nf6 2.c4 g6 3.Nc3 Bg7 4.g3 d5 5.cxd5 Nxd5 6.Bg2 Nb6 7.Nf3 O-O 8.O-O 
Nc6 9.d5 Na5 10.e4 c6 11.dxc6 Qxd1 12.Rxd1 Nxc6 1/2-1/2

[Event "zonal 5"]
[Site "Nea Makri GRE"]
[Date "1990.??.??"]
[Round "?"]
[White "Martidis, Alkis"]
[Black "Camilleri, Henry"]
[Result "0-1"]
[WhiteElo "2300"]
[BlackElo "2220"]
[EventDate "1990.??.??"]
[PlyCount "80"]

1.e4 c5 2.c3 d5 3.exd5 Qxd5 4.d4 e6 5.Nf3 Nf6 6.Bd3 Nc6 7.O-O Be7 8.c4 Qd8
9.dxc5 Bxc5 10.Nc3 O-O 11.a3 a5 12.Qe2 e5 13.Bg5 Bg4 14.Nd5 Qd6 15.Bxf6 
gxf6 16.Qd2 f5 17.Nh4 f4 18.h3 Qh6 19.Nf5 Bxf5 20.Bxf5 Nd4 21.Qd3 Kh8 22.
b4 Ba7 23.Kh2 Rg8 24.g4 Rg5 25.c5 Rag8 26.Bxh7 R8g7 27.Be4 Rxg4 28.Rg1 Qh4
29.Rxg4 Rxg4 30.Rf1 Bb8 31.Bf3 Rg7 32.Bg2 Rxg2+ 33.Kxg2 f3+ 34.Qxf3 Nxf3 
35.Kxf3 Qxh3+ 36.Ke2 Qg4+ 37.Ke1 Qe4+ 38.Ne3 axb4 39.axb4 Qxb4+ 40.Ke2 
Qxc5 0-1

[Event "zonal 5"]
[Site "Nea Makri GRE"]
[Date "1990.??.??"]
[Round "?"]
[White "Martidis, Alkis"]
[Black "Damljanovic, Branko"]
[Result "0-1"]
[WhiteElo "2300"]
[BlackElo "2535"]
[EventDate "1990.??.??"]
[PlyCount "80"]

1.e4 g6 2.d4 Bg7 3.Nf3 d6 4.Bd3 Nf6 5.O-O O-O 6.h3 Nc6 7.c3 e5 8.Re1 Re8 
9.Na3 a6 10.Nc2 h6 11.a4 b6 12.d5 Ne7 13.a5 b5 14.Nb4 c5 15.dxc6 Be6 16.
Qe2 Qc7 17.c4 bxc4 18.Bxc4 Nxc6 19.Nxa6 Qb7 20.Bb5 Rec8 21.b4 Nxe4 22.Bxc6
Rxc6 23.Qxe4 Qxa6 24.Ra3 Rc4 25.Qb1 Qb5 26.Rb3 Bf5 27.Qa2 e4 28.Nd2 Rxb4 
29.Ba3 Rxb3 30.Qxb3 Qxa5 31.Bb4 Qa2 32.Qxa2 Rxa2 33.Nxe4 d5 34.Nd6 Bd7 35.
Rd1 d4 36.Be1 Ba4 37.Rb1 d3 38.Ne4 Bc2 39.Rc1 f5 40.Nc5 Bb2 0-1

[Event "zonal 5"]
[Site "Nea Makri GRE"]
[Date "1990.??.??"]
[Round "?"]
[White "Martidis, Alkis"]
[Black "Grivas, Efstratios"]
[Result "1-0"]
[WhiteElo "2300"]
[BlackElo "2445"]
[EventDate "1990.??.??"]
[PlyCount "103"]

1.e4 c5 2.c3 e6 3.d4 Qc7 4.Nf3 d6 5.Bd3 Nd7 6.O-O Ngf6 7.Re1 g6 8.e5 dxe5 
9.dxe5 Nd5 10.Be4 N5b6 11.Na3 a6 12.c4 Bg7 13.Bf4 Nb8 14.Qd2 Nc6 15.Bh6 
O-O 16.Bxc6 Qxc6 17.b3 Bd7 18.Rad1 Qc7 19.Bxg7 Kxg7 20.Qa5 Rac8 21.Rd6 Na8
22.Qd2 Bc6 23.Rd1 Qe7 24.Qf4 h6 25.Nc2 Nc7 26.Ne3 Ne8 27.R6d2 Rh8 28.h4 
Rc7 29.Nd5 exd5 30.cxd5 Bxd5 31.Rxd5 Kh7 32.Qg4 f5 33.Qa4 Ng7 34.Rd7 Rxd7 
35.Rxd7 Qe6 36.Rd6 Qe7 37.Qd7 Re8 38.Kh1 f4 39.Qg4 Qf7 40.Rd7 Re7 41.Rxe7 
Qxe7 42.Qxf4 Ne6 43.Qe4 Kg7 44.h5 gxh5 45.Nh4 Qd7 46.Qg6+ Kf8 47.Qxh6+ Kg8
48.Qxh5 Nf4 49.Qg5+ Kh8 50.Qh6+ Kg8 51.Qg5+ Kh8 52.Kg1 1-0

[Event "zonal 5"]
[Site "Nea Makri GRE"]
[Date "1990.??.??"]
[Round "?"]
[White "Martidis, Alkis"]
[Black "Ivanovic, Bozidar"]
[Result "1/2-1/2"]
[WhiteElo "2300"]
[BlackElo "2520"]
[EventDate "1990.??.??"]
[PlyCount "38"]

1.e4 e6 2.d4 d5 3.Nc3 dxe4 4.Nxe4 Nf6 5.Bd3 Nbd7 6.Nf3 Nxe4 7.Bxe4 Be7 8.
Qe2 O-O 9.Bd2 c5 10.O-O-O cxd4 11.Nxd4 Nc5 12.Bc3 Qc7 13.Kb1 Bd7 14.Rhe1 
Rfd8 15.Bxh7+ Kxh7 16.Qh5+ Kg8 17.Nf5 Bf8 18.Nxg7 Bxg7 19.Bxg7 Kxg7 
1/2-1/2

[Event "zonal 5"]
[Site "Nea Makri GRE"]
[Date "1990.??.??"]
[Round "?"]
[White "Martidis, Alkis"]
[Black "Mastrokoukos, Georgios"]
[Result "1/2-1/2"]
[WhiteElo "2300"]
[BlackElo "2280"]
[EventDate "1990.??.??"]
[PlyCount "21"]

1.d4 Nf6 2.Nf3 c5 3.e3 g6 4.c4 Bg7 5.Nc3 O-O 6.dxc5 Na6 7.Be2 Nxc5 8.O-O 
b6 9.Qc2 Bb7 10.b4 Nce4 11.Bb2 1/2-1/2

[Event "zonal 5"]
[Site "Nea Makri GRE"]
[Date "1990.??.??"]
[Round "?"]
[White "Martidis, Alkis"]
[Black "Oney, Feridun"]
[Result "1/2-1/2"]
[WhiteElo "2300"]
[BlackElo "2320"]
[EventDate "1990.??.??"]
[PlyCount "89"]

1.e4 Nf6 2.e5 Nd5 3.d4 d6 4.Nf3 g6 5.Bc4 Nb6 6.Bb3 Bg7 7.a4 a5 8.Ng5 d5 9.
f4 f6 10.Nf3 O-O 11.O-O Bg4 12.Nbd2 fxe5 13.fxe5 e6 14.h3 Bxf3 15.Nxf3 Na6
16.Bg5 Qd7 17.Qd2 Nb4 18.c3 Nc6 19.Rf2 Nd8 20.Bh6 Bxh6 21.Qxh6 Nf7 22.Qh4 
Qd8 23.Qg3 Nh6 24.Bc2 Nf5 25.Qf4 Nc4 26.b3 Nfe3 27.Qh6 Nxc2 28.bxc4 Nxa1 
29.cxd5 Qxd5 30.Ng5 Qd7 31.Rb2 Rf5 32.Ne4 Qg7 33.Qc1 b6 34.Qxa1 Raf8 35.
Rb1 Qh6 36.Re1 Qh4 37.Qd1 Kg7 38.Kh2 Rf4 39.Qe2 R4f5 40.g3 Qe7 41.Nf6 Qa3 
42.g4 R5xf6 43.exf6+ Rxf6 44.Qe5 Qd6 45.Qxd6 1/2-1/2

[Event "zonal 5"]
[Site "Nea Makri GRE"]
[Date "1990.??.??"]
[Round "?"]
[White "Martidis, Alkis"]
[Black "Pandavos, Emanouel"]
[Result "1-0"]
[WhiteElo "2300"]
[BlackElo "2370"]
[EventDate "1990.??.??"]
[PlyCount "85"]

1.e4 e5 2.Nf3 Nc6 3.Bc4 Nf6 4.d3 h6 5.O-O d6 6.a3 g6 7.Nc3 Bg7 8.h3 Qe7 9.
Be3 O-O 10.Qd2 Kh7 11.Rae1 Be6 12.Nh2 Nh5 13.g4 Nf4 14.Bxf4 exf4 15.Nd5 
Qh4 16.Nxf4 Be5 17.Ng2 Qxh3 18.f4 Bd4+ 19.Kh1 Bxg4 20.c3 Bg7 21.d4 Rae8 
22.Re3 Qh5 23.f5 gxf5 24.exf5 Bf6 25.Nf4 Qh4 26.Bxf7 Rxf7 27.Rxe8 Bg5 28.
Qf2 Qxf2 29.Rxf2 Bxf5 30.Ng2 Ne7 31.Nf3 Kg6 32.Ngh4+ Bxh4 33.Nxh4+ Kg5 34.
Nxf5 Nxf5 35.Rg8+ Kf6 36.Rg1 Ke6 37.Re1+ Kf6 38.Ref1 Ke6 39.d5+ Ke5 40.Kh2
Rf6 41.c4 c6 42.Re1+ Kd4 43.Rf4+ 1-0

[Event "zonal 5"]
[Site "Nea Makri GRE"]
[Date "1990.??.??"]
[Round "?"]
[White "Martidis, Alkis"]
[Black "Popovic, Petar"]
[Result "1/2-1/2"]
[WhiteElo "2300"]
[BlackElo "2520"]
[EventDate "1990.??.??"]
[PlyCount "30"]

1.e4 c5 2.c3 e6 3.d4 d5 4.exd5 exd5 5.Nf3 Nc6 6.Bb5 Bd6 7.dxc5 Bxc5 8.O-O 
Ne7 9.Nbd2 O-O 10.Nb3 Bb6 11.Re1 Nf5 12.Bd3 Nh4 13.Be3 Bc7 14.Nxh4 Qxh4 
15.g3 Qh3 1/2-1/2

[Event "zonal 5"]
[Site "Nea Makri GRE"]
[Date "1990.??.??"]
[Round "?"]
[White "Mastrokoukos, Georgios"]
[Black "Camilleri, Henry"]
[Result "1/2-1/2"]
[WhiteElo "2280"]
[BlackElo "2220"]
[EventDate "1990.??.??"]
[PlyCount "83"]

1.e4 c5 2.c3 Nf6 3.e5 Nd5 4.d4 cxd4 5.Qxd4 e6 6.Nf3 Nc6 7.Qe4 d6 8.Nbd2 
dxe5 9.Nxe5 Nxe5 10.Qxe5 Bd7 11.Nc4 Qc7 12.Qxc7 Nxc7 13.Bf4 O-O-O 14.O-O-O
f6 15.Be2 Nd5 16.Bg3 Be7 17.Bf3 Bc6 18.Na5 h5 19.Nxc6 bxc6 20.h4 Bc5 21.a3
e5 22.b4 Bb6 23.c4 Ne7 24.c5 Bc7 25.Rxd8+ Bxd8 26.Rd1 Bc7 27.Be2 Nf5 28.
Ba6+ Kb8 29.Rd7 Rd8 30.Rxd8+ Bxd8 31.Bd3 Nxg3 32.fxg3 g5 33.Bg6 gxh4 34.
gxh4 f5 35.Bxf5 Bxh4 36.Kc2 Bf2 37.Kd3 a5 38.Kc4 axb4 39.axb4 Kc7 40.b5 
cxb5+ 41.Kxb5 h4 42.Be4 1/2-1/2

[Event "zonal 5"]
[Site "Nea Makri GRE"]
[Date "1990.??.??"]
[Round "?"]
[White "Mastrokoukos, Georgios"]
[Black "Damljanovic, Branko"]
[Result "0-1"]
[WhiteElo "2280"]
[BlackElo "2535"]
[EventDate "1990.??.??"]
[PlyCount "79"]

1.e4 g6 2.d4 Bg7 3.Nf3 d6 4.Nc3 Nf6 5.Be2 O-O 6.O-O c5 7.dxc5 dxc5 8.Qxd8 
Rxd8 9.Be3 b6 10.Rad1 Nc6 11.Rxd8+ Nxd8 12.Rd1 Bb7 13.e5 Ng4 14.Bg5 Ne6 
15.Bxe7 Nf4 16.Bd6 Nxe2+ 17.Nxe2 Rd8 18.Nc3 Bxf3 19.gxf3 Nxe5 20.Bxe5 
Rxd1+ 21.Nxd1 Bxe5 22.b3 f5 23.Ne3 Kf7 24.c4 Ke6 25.Nd5 g5 26.Kg2 Bd6 27.
h3 Ke5 28.Kf1 Bb8 29.Ke2 Kd4 30.a4 Bd6 31.Kd2 h5 32.Ke2 h4 33.Ne3 Kc3 34.
Nxf5 Bf4 35.Ne7 Kxb3 36.Nc6 Kxc4 37.Nxa7 Kb4 38.Nc8 Bc7 39.Ne7 Kxa4 40.Nd5
0-1

[Event "zonal 5"]
[Site "Nea Makri GRE"]
[Date "1990.??.??"]
[Round "?"]
[White "Mastrokoukos, Georgios"]
[Black "Ipek, Ali"]
[Result "1-0"]
[WhiteElo "2280"]
[BlackElo "2275"]
[EventDate "1990.??.??"]
[PlyCount "67"]

1.e4 c5 2.Nf3 e6 3.c3 d5 4.exd5 exd5 5.d4 Nc6 6.Bb5 Bd6 7.O-O Ne7 8.dxc5 
Bxc5 9.Nbd2 O-O 10.Nb3 Bb6 11.Re1 Bg4 12.Bg5 Qd6 13.Be3 Ne5 14.Be2 Bxe3 
15.Nxe5 Bxe2 16.Qxe2 Bb6 17.Rad1 Rad8 18.Nc4 Qe6 19.Nxb6 axb6 20.Qxe6 fxe6
21.Rxe6 Nc6 22.Nd4 Rc8 23.Rd6 Rfd8 24.Nb5 Rxd6 25.Nxd6 Rc7 26.Rxd5 Nb4 27.
Re5 h6 28.Rb5 Nxa2 29.Rxb6 Re7 30.Kf1 Re6 31.Nc4 Rxb6 32.Nxb6 Nc1 33.Nc4 
Kf8 34.Nd6 1-0

[Event "zonal 5"]
[Site "Nea Makri GRE"]
[Date "1990.??.??"]
[Round "?"]
[White "Mastrokoukos, Georgios"]
[Black "Muco, Fatos"]
[Result "1-0"]
[WhiteElo "2280"]
[BlackElo "2440"]
[EventDate "1990.??.??"]
[PlyCount "63"]

1.e4 c5 2.c3 d5 3.exd5 Qxd5 4.d4 e6 5.Nf3 Nf6 6.Bd3 cxd4 7.cxd4 Nc6 8.Nc3 
Qd8 9.O-O Be7 10.Re1 O-O 11.a3 b6 12.Bg5 Bb7 13.Bc2 Rc8 14.Qd3 g6 15.h4 
Nd5 16.Bh6 Re8 17.h5 Bf6 18.Rac1 Nxc3 19.bxc3 Qd5 20.hxg6 hxg6 21.Qe3 Ne7 
22.Qf4 Nf5 23.Be4 Qd7 24.Ne5 Bxe5 25.dxe5 Rc4 26.Bg5 Rec8 27.Bf6 Kh7 28.
Qh2+ Nh6 29.Bg5 Rh8 30.Bxb7 Qxb7 31.Red1 Rcc8 32.Bxh6 1-0

[Event "zonal 5"]
[Site "Nea Makri GRE"]
[Date "1990.??.??"]
[Round "?"]
[White "Muco, Fatos"]
[Black "Camilleri, Henry"]
[Result "1-0"]
[WhiteElo "2440"]
[BlackElo "2220"]
[EventDate "1990.??.??"]
[PlyCount "51"]

1.d4 f5 2.Nf3 Nf6 3.c4 e6 4.g3 d5 5.Bg2 c6 6.O-O Bd6 7.b3 Qe7 8.Nbd2 O-O 
9.Ne5 Bd7 10.Ndf3 Be8 11.Bf4 Nbd7 12.Qc2 Ne4 13.c5 Bxe5 14.Nxe5 g5 15.Nxd7
Qxd7 16.Be5 Bg6 17.f3 Nf6 18.Qd2 h6 19.h4 Nh7 20.Kf2 Qf7 21.Rh1 b6 22.hxg5
hxg5 23.g4 Qe8 24.Rxh7 Kxh7 25.Rh1+ Kg8 26.Rh8+ 1-0

[Event "zonal 5"]
[Site "Nea Makri GRE"]
[Date "1990.??.??"]
[Round "?"]
[White "Muco, Fatos"]
[Black "Damljanovic, Branko"]
[Result "1-0"]
[WhiteElo "2440"]
[BlackElo "2535"]
[EventDate "1990.??.??"]
[PlyCount "120"]

1.Nf3 Nf6 2.c4 g6 3.Nc3 Bg7 4.g3 O-O 5.Bg2 d5 6.cxd5 Nxd5 7.O-O c5 8.Nxd5 
Qxd5 9.d3 Nc6 10.a3 Qd6 11.Rb1 Bd7 12.Nd2 b6 13.Nc4 Qe6 14.b4 cxb4 15.axb4
Rac8 16.Bb2 Bxb2 17.Rxb2 Nd4 18.Qd2 Bb5 19.Na3 Bc6 20.Nc4 Rfd8 21.Qe3 Qxe3
22.fxe3 Bxg2 23.Kxg2 Nb5 24.e4 Kg7 25.Ne5 f6 26.Nc4 Rd7 27.g4 Nd4 28.Ra2 
b5 29.Ne3 e6 30.Rfa1 Rcc7 31.Kf2 Kf7 32.Ke1 g5 33.Kd1 Kg6 34.Nc2 Nc6 35.
Kd2 h5 36.h3 hxg4 37.hxg4 Rh7 38.Ra3 Rhd7 39.Rc3 Ne5 40.Rxc7 Rxc7 41.Nd4 
Re7 42.Ra6 Nxg4 43.Nxe6 Ne5 44.Nd4 Rb7 45.Ke3 Ng4+ 46.Kf3 Ne5+ 47.Kg3 Rc7 
48.Nxb5 Rb7 49.Nc3 Rb6 50.Rxa7 Rxb4 51.Nd5 Rb2 52.Ne7+ Kh5 53.Ra1 g4 54.
Kf4 Ng6+ 55.Nxg6 Kxg6 56.Re1 Kh5 57.Rh1+ Kg6 58.Rh2 Rb4 59.Rh8 f5 60.Re8 
fxe4 1-0

[Event "zonal 5"]
[Site "Nea Makri GRE"]
[Date "1990.??.??"]
[Round "?"]
[White "Muco, Fatos"]
[Black "Grivas, Efstratios"]
[Result "1/2-1/2"]
[WhiteElo "2440"]
[BlackElo "2445"]
[EventDate "1990.??.??"]
[PlyCount "121"]

1.Nf3 Nf6 2.c4 g6 3.Nc3 Bg7 4.g3 O-O 5.Bg2 d6 6.d4 Nbd7 7.O-O e5 8.e4 h6 
9.h3 Nh7 10.Be3 Ng5 11.d5 Nxf3+ 12.Bxf3 f5 13.Bd2 Nf6 14.Bg2 f4 15.g4 Nh7 
16.f3 h5 17.gxh5 gxh5 18.Kf2 Bf6 19.Ke2 Kh8 20.Kd3 Rg8 21.Qe2 Bh4 22.Rh1 
Bd7 23.Kc2 Rg6 24.Bf1 Qe7 25.Qd3 Rag8 26.Ne2 Bf2 27.h4 Nf8 28.Rh2 Bb6 29.
Rd1 R6g7 30.Kb1 Ng6 31.Be1 Be3 32.Qb3 b6 33.Qd3 a5 34.Qc2 Nf8 35.Bc3 Nh7 
36.Be1 Nf6 37.Rh1 Bc8 38.Rh2 Nd7 39.Bh3 Nc5 40.Bxc8 Rxc8 41.Nc3 Rcg8 42.b3
Rg1 43.Re2 Qf6 44.Nb5 R8g7 45.Rh2 Qg6 46.b4 axb4 47.Bxb4 Rxd1+ 48.Qxd1 Nd3
49.Be1 Qg1 50.Re2 Nc5 51.Kc2 Qf1 52.Bf2 Qh3 53.Bxe3 fxe3 54.Rxe3 Qxh4 55.
Re2 Qg3 56.Qh1 h4 57.Rh2 Kg8 58.Rxh4 Qf2+ 59.Kc3 Qe3+ 60.Kc2 Kf7 61.Rh7 
1/2-1/2